000 00278nam a2200109Ia 4500
008 190216s9999||||xx |||||||||||||| ||und||
100 _aSankaranarayan S R
245 0 _aPhysics Vol Ii Light Electricity And Magnetism
260 _bS Chand & Co
650 _aPhysics
942 _cBK
999 _c33010
_d33010